[Event "Bretagne-ch U14"]
[Site "Ploermel"]
[Date "2007.02.16"]
[Round "6"]
[White "Ababou, Alexandre"]
[Black "Juif, Alexandre"]
[Result "1-0"]
[WhiteElo "1780"]
[BlackElo "1540"]
[PlyCount "91"]
[EventDate "2007.02.13"]
[EventType "tourn"]
[EventRounds "6"]
[EventCountry "FRA"]
[SourceTitle "EXT 2008"]
[Source "ChessBase"]
[SourceDate "2007.11.25"]
[SourceVersion "1"]
[SourceVersionDate "2007.11.25"]
[SourceQuality "1"]

1. e4 e5 2. Nf3 Nc6 3. d4 exd4 4. Bc4 h6 5. Nxd4 Nxd4 6. Qxd4 Qf6 7. c3 c5 8. Qxf6 Nxf6 9. 0-0 Bd6 10. e5 Bxe5 11. Re1 d6 12. f4 Nd7 13. fxe5 Nxe5 14. Bf4 f6 15. Na3 a6 16. Bxe5 fxe5 17. Nc2 Bd7 18. Rad1 Ke7 19. Ne3 Rhf8 20. Nd5+ Kd8 21. Nb6 Rb8 22. Nxd7 Kxd7 23. Rxe5 Rf6 24. Rxc5 Rbf8 25. Rcd5 b5 26. Be2 Re6 27. Bg4 Rff6 28. Rxd6+ Ke7 29. Rxe6+ Kf7 30. Rxf6+ Kxf6 31. Rd6+ Kg5 32. Rxa6 Kxg4 33. Rg6+ Kf5 34. Rxg7 Kf6 35. Rb7 h5 36. Rxb5 Kg6 37. Kf2 Kh6 38. Kf3 Kg6 39. Kf4 Kh6 40. Rg5 Kh7 41. Kf5 h4 42. h3 Kh8 43. Kf6 Kh7 44. Rg4 Kh8 45. Kf7 Kh7 46. Rxh4# 1-0

[Event "Bretagne-ch U14"]
[Site "Ploermel"]
[Date "2007.02.13"]
[Round "1"]
[White "Juif, Alexandre"]
[Black "Peyre, Thomas"]
[Result "0-1"]
[WhiteElo "1540"]
[BlackElo "1805"]
[PlyCount "166"]
[EventDate "2007.02.13"]
[EventType "tourn"]
[EventRounds "6"]
[EventCountry "FRA"]
[SourceTitle "EXT 2008"]
[Source "ChessBase"]
[SourceDate "2007.11.25"]
[SourceVersion "1"]
[SourceVersionDate "2007.11.25"]
[SourceQuality "1"]

1. c4 e5 2. e3 Nf6 3. g3 d6 4. Bg2 c6 5. b4 Be6 6. Qc2 d5 7. c5 a5 8. Qa4 Nbd7 9. d4 b5 10. Qb3 exd4 11. exd4 axb4 12. Qxb4 Be7 13. Ne2 Bf5 14. Nbc3 Bd3 15. 0-0 0-0 16. Re1 Re8 17. Bf4 Qa5 18. a3 Bf8 19. Be3 Ng4 20. Bd2 Qxb4 21. axb4 Rxa1 22. Rxa1 Bxe2 23. Re1 Ngf6 24. Rxe2 g6 25. Rxe8 Nxe8 26. Bh3 f5 27. Bg2 Nef6 28. h3 Bg7 29. Be3 Kf7 30. Kf1 Nb8 31. Ke2 Na6 32. Na2 Ke6 33. f3 Ng8 34. Kd3 Bh6 35. Ke2 Bxe3 36. Kxe3 Nf6 37. g4 g5 38. Kf2 h5 39. Kg3 hxg4 40. hxg4 fxg4 41. fxg4 Nc7 42. Nc3 Kd7 43. Kf3 Ne6 44. Ne2 Ne8 45. Ke3 N8c7 46. Nc3 Nf4 47. Bf3 Ke7 48. Bh1 Nce6 49. Bf3 Nf8 50. Bh1 N8g6 51. Ne2 Ne6 52. Bf3 Nh4 53. Bh1 Kf6 54. Ng3 Nc7 55. Kd3 Ke6 56. Nh5 Ne8 57. Ng3 Nf6 58. Ke3 Nxg4+ 59. Ke2 Nf6 60. Ke3 Nf5+ 61. Nxf5 Kxf5 62. Kf3 Ne4 63. Ke3 Nf6 64. Kf3 g4+ 65. Ke3 Nh5 66. Bg2 Nf4 67. Bh1 g3 68. Kf3 g2 69. Bxg2 Nxg2 70. Kxg2 Ke4 71. Kf2 Kxd4 72. Ke2 Kc4 73. Kd2 Kxb4 74. Kd3 Kxc5 75. Kc3 b4+ 76. Kc2 Kc4 77. Kb2 b3 78. Kc1 Kc3 79. Kb1 b2 80. Ka2 Kc2 81. Ka3 b1Q 82. Ka4 Qb5+ 83. Ka3 Qa5# 0-1